The tools use in rubber plantation before tapping at SOCFIN-KCD company; ស្វែងយល់ពីឧបករណ៍ប្រើប្រាស់ក្នុងចំការកៅស៊ូមុនពេលចៀរជ័រ នៅក្រុមហ៊ុន SOCFIN-KCD (Record no. 9368)

000 -LEADER
fixed length control field 00671nam a22001577a 4500
003 - CONTROL NUMBER IDENTIFIER
control field OSt
005 - DATE AND TIME OF LATEST TRANSACTION
control field 20160831151359.0
008 - FIXED-LENGTH DATA ELEMENTS--GENERAL INFORMATION
fixed length control field 160831b xxu||||| |||| 00| 0 eng d
040 ## - CATALOGING SOURCE
Transcribing agency RUA
082 ## - DEWEY DECIMAL CLASSIFICATION NUMBER
Classification number AGE SOT 2014 B515 Or.
100 ## - MAIN ENTRY--PERSONAL NAME
9 (RLIN) 9724
Personal name SOTH SARONG; សុទ្ធ សារ៉ង
245 ## - TITLE STATEMENT
Title The tools use in rubber plantation before tapping at SOCFIN-KCD company; ស្វែងយល់ពីឧបករណ៍ប្រើប្រាស់ក្នុងចំការកៅស៊ូមុនពេលចៀរជ័រ នៅក្រុមហ៊ុន SOCFIN-KCD
260 ## - PUBLICATION, DISTRIBUTION, ETC. (IMPRINT)
Place of publication, distribution, etc. RUA
Name of publisher, distributor, etc. Phnom Penh
Date of publication, distribution, etc. 2014
300 ## - PHYSICAL DESCRIPTION
Extent xi; 46p.
Other physical details ill.
Dimensions 29cm.
942 ## - ADDED ENTRY ELEMENTS (KOHA)
Source of classification or shelving scheme
Koha item type AGE
Holdings
Price effective from Date last seen Permanent Location Not for loan Date acquired Source of classification or shelving scheme Koha item type Lost status Withdrawn status Date last checked out Total Checkouts Damaged status Barcode Shelving location Current Location Full call number
2016-08-312016-08-31Library Block B 2016-08-31 AGE     RUA061862 Library Block BAGE SOT 2014 B515 Or.1
2016-08-312016-08-31Library Block B 2016-08-31 AGE     RUA062287 Library Block BAGE SOT 2014 B515 Or.2
2016-08-312016-08-31Library Block B 2016-08-31 AGE     RUA062468 Library Block BAGE SOT 2014 B515 Or.3
2016-08-312016-08-31Library Block B 2016-08-31 AGE     RUA062408 Library Block BAGE SOT 2014 B515 Or.4
2016-08-312016-08-31Library Block B 2016-08-31 AGE     RUA062348 Library Block BAGE SOT 2014 B515 Or.5
2016-08-312016-08-31Library Block B 2016-08-31 AGE     RUA061623 Library Block BAGE SOT 2014 B515 Or.6
2016-08-312016-08-31Library Block B 2016-08-31 AGE     RUA061683 Library Block BAGE SOT 2014 B515 Or.7
2016-08-312016-12-26Library Block B 2016-08-31 AGE  2016-12-201 RUA061802 Library Block BAGE SOT 2014 B515 Or.8
2021-09-282021-09-28Library Block B 2021-09-28 AGE     A065691B670Library Block BAGE SOT 2014 B670 Or.
មជ្ឈមណ្ឌលឯការនៃសាកលវិទ្យាល័យភូមិន្ទកសិកម្មចំការដូង

Powered by Koha